| Tag |
First Indicator |
Second Indicator |
Subfields |
| LEADER |
00000cam a2200000 a 4500 |
| 001 |
in00001402225 |
| 005 |
20151020054112.0 |
| 008 |
970714s1997 enka b 000 0 eng d |
| 020 |
|
|
|a 0851704948
|
| 035 |
|
|
|a (OCoLC)37289461
|
| 035 |
|
|
|9 AHN0409AM
|
| 040 |
|
|
|a NYP
|c NYP
|d CUS
|d IXA
|d UtOrBLW
|
| 049 |
|
|
|a TXAM
|
| 090 |
|
|
|a PN1997.H4563
|b D78 1997
|
| 100 |
1 |
|
|a Drummond, Phillip,
|d 1948-
|
| 245 |
1 |
0 |
|a High Noon /
|c Phillip Drummond.
|
| 264 |
|
1 |
|a London :
|b British Film Institute,
|c 1997.
|
| 300 |
|
|
|a 94 pages :
|b illustrations ;
|c 19 cm.
|
| 336 |
|
|
|a text
|b txt
|2 rdacontent
|
| 337 |
|
|
|a unmediated
|b n
|2 rdamedia
|
| 338 |
|
|
|a volume
|b nc
|2 rdacarrier
|
| 490 |
1 |
|
|a BFI film classics
|
| 504 |
|
|
|a Includes bibliographical references (pages 92-94).
|
| 630 |
0 |
0 |
|a High noon (Motion picture)
|
| 830 |
|
0 |
|a BFI film classics.
|
| 948 |
|
|
|a c:en
|
| 999 |
|
|
|a MARS
|
| 999 |
f |
f |
|s fcb1e730-5de2-35a2-a0a2-03744e19cc52
|i 19ab8c54-435f-384b-a071-700adc33029c
|t 0
|
| 952 |
f |
f |
|p ric
|a Texas A&M University
|b Rellis Campus
|c Joint Library Facility
|d Remote Storage
|t 0
|e PN1997.H4563 D78 1997
|h Library of Congress classification
|i unmediated -- volume
|m A14822545675
|
| 998 |
f |
f |
|a PN1997.H4563 D78 1997
|t 0
|l Remote Storage
|